| 000 | 00902nam a2200277 a 4500 | ||
|---|---|---|---|
| 001 | 000014227 | ||
| 005 | 20200929163529.0 | ||
| 008 | 091207s2000 sp 000 f spa d | ||
| 020 | _a8466300090 | ||
| 040 |
_aDO-SdBNP _bspa _cBNPHU |
||
| 041 | 1 | 7 |
_aspa _heng _2Código de idioma MARC |
| 082 |
_a813.5 _bP228m |
||
| 100 | 1 |
_aParetsky, Sara, _d1947- _932142 |
|
| 240 | 1 | 0 |
_aBurn marks. _lEspañol |
| 245 | 1 | 0 |
_aMarcas de fuego / _cSara Paretsky ; traducción de María José García Ripoll. |
| 260 |
_a[Madrid] : _bSuma de Letras, _c2000. |
||
| 300 |
_a603, [4] p. ; _c18 cm. |
||
| 490 | 1 |
_aPunto de lectura _v66 |
|
| 534 |
_pTítulo original en inglés: _tBurn marks _c1990 |
||
| 650 | 4 |
_aNovela estadounidense _9262 |
|
| 650 | 4 |
_aLiteratura estadounidense _9263 |
|
| 700 | 1 |
_aGarcía Ripoll, María José, _etr. _911469 |
|
| 830 | 0 |
_aPunto de lectura ; _v66 _93047 |
|
| 910 | _aWM | ||
| 049 | _aBNGR | ||
| 999 |
_c13826 _d13826 |
||